Statistieken voor Brusselse Gemeenten op de Kaart

Klik hier om de quiz te nemen!

Algemene statistieken

  • Deze quiz is 979 keer genomen
  • De gemiddelde score is 10 van 19

Antwoorden op de kaart

Antwoorden kleurgecodeerd door een groen-rode schaal op de quizkaart volgens % correct hieronder.
 

Antwoordstatistieken

BevolkingsaantalGemeente% Correct
178.552Brussel
92%
117.412Anderlecht
89%
96.586Sint-Jans-Molenbeek
83%
132.590Schaarbeek
72%
81.944Ukkel
71%
85.541Elsene
62%
51.426Jette
59%
50.659Sint-Gillis
53%
55.613Vorst
52%
47.180Etterbeek
51%
21.638Koekelberg
48%
27.402Sint-Joost-Ten-Node
43%
41.207Sint-Pieters-Woluwe
43%
24.619Watermaal-Bosvoorde
42%
39.556Evere
41%
24.269Ganshoren
40%
24.224Sint-Agatha-Berchem
39%
54.311Sint-Lambrechts-Woluwe
38%
33.161Oudergem
32%

Scoreverdeling

Percentiel versus Aantal Correcte Antwoorden

Procent van Mensen met Elke Score

Uw Scoregeschiedenis

U heeft deze quiz nog niet genomen